Alliterative Marvel Characters - Statistics

General Stats
  • This quiz has been taken 141 times
  • The average score is 10 of 15
Answer Stats
Hint Answer % Correct
Spider-Man Peter Parker
99%
Hulk Bruce Banner
95%
Winter Soldier Bucky Barnes
94%
Norman Osborn Green Goblin
86%
Doctor Strange Stephen Strange
86%
Deadpool Wade Wilson
81%
Mister Fantastic Reed Richards
70%
Victor Von Doom Doctor Doom
68%
Daredevil Matt Murdock
65%
Doctor Octopus Otto Octavius
60%
Invisible Woman Sue Storm
54%
Cyclops Scott Summers
50%
Norrin Radd Silver Surfer
38%
Lizard Curt Connors
35%
Angel Warren Worthington III
28%
No matching quizzes found
Score Distribution
Percent of People with Each Score
Percentile by Number Answered
Your Score History
You have not taken this quiz